000 00350nam a2200133 i 4500
001 bg
100 1 _aSTEPANOW, Andrej
245 0 _aRFN a Chiny. Przyczynek do wzajemnych stosunków w latach 1949-1976 /
_cAndrej Stepanow.
260 _aWarszawa,
_c1977.
040 _cBPK
041 _apol
942 _cKS
008 s pl f |000 0 pol
999 _c9468
_d9468
856 _uhttp://koha.tu.koszalin.pl/cgi-bin/koha/opac-detail.pl?biblionumber=9468
_yKatalog online BPK